00322nam a2200121Ia 4500008004100000082001300041100001500054245003200069260002700101300000800128630003200136730003200168100122s9999 xx 000 0 und d b56204a1 aKHATAI S W aTEST YOUR GENERAL KNOWLEDGE bVASAN BOOK DEPOTc1999 a207 aTEST YOUR GENERAL KNOWLEDGE aTEST YOUR GENERAL KNOWLEDGE